000 00584nam a22001937a 4500
999 _c9520
_d9520
003 AR-CdUCM
008 190328b ||||| |||| 00| 0 spa d
040 _aMUNICIPALIDAD PROVINCIAL DEL CUSCO
_cBIBLIOTECA MUNICIPAL DEL CUSCO
082 _a913.85 /
_bG24
100 _aGarcía Rosell, Cesar
_925779
245 _aDiccionario arqueológico del Perú /
260 _aLima :
300 _a406 ; XV ; 15 páginas ;
_bláminas ; ilustraciones ;
_c25.5 cm.
650 _aDiccionarios
_95105
650 _aArqueología
_9371
650 _aPerú
_935
942 _2ddc
_cLIBROS
945 _azta